01363nam a2200361 a 450000100060000000300080000600500170001400600190003100700150005000800410006502000180010603500230012403500240014703500250017103500210019604000260021705000210024308000070026408200150027110000310028624501450031726000850046230000110054753301640055865000230072265000500074565000210079565000320081665500270084870000450087571000190092085600620093969804FlNmELB20241217143145.0m o d | cr cn|||||||||201211r2004 mx |||||s|||||||||||spa d z9789707280083 a(MiAaPQ)EBC3202713 a(Au-PeEL)EBL3202713 a(CaPaEBR)ebr10609690 a(OCoLC)929376821 aFlNmELBbspacFlNmELB 4aLC268bB228 2004 a3704a370.152221 aBarba Casillas, Bonifacio.10aEscuela y socializaciónh[recurso electronico] :bevaluación del desarrollo moral /cBonifacio Barba Casillas, Matías Romo Martínez. aAguascalientes, Ags., Méx. :bUniversidad Autónoma de Aguascalientes,c2004. a456 p. aRecurso electrónico. Santa Fe, Arg.: e-libro, 2015. Disponible vía World Wide Web. El acceso puede estar limitado para las bibliotecas afiliadas a e-libro. 4aEducación moral. 4aValores (Filosofía)xEstudio y ensañanza. 4aMoral education. 4aValuesxStudy and teaching. 4aLibros electrónicos.1 aRomo Martínez, Matías,eColaborador.2 ae-libro, Corp.40uhttps://elibro.net/ereader/politecnicointernacional/75973